000 00444cam a2200181ua 4500
020 _c16.00
041 _ahin
_h
082 _a891.54
_bVAT/KA
100 _aVatsyayana, Muni .
245 _aKamasutram /
_cVatsyayana muni.
_hTextual Documents
250 _a1 /
_b.
260 _aVaranasi :
_bChowkhmba sanskrit series office ,
_c1964.
300 _a453 ; .
365 _a16.00
504 _a
942 _cBK
999 _c8338
_d8338